El cortesano

Guardat en:
Dades bibliogràfiques
Autor principal: Castiglione, Baltasar (Autor)
Format: Llibre
Idioma:espanyol
Publicat: Buenos Aires Espasa-Calpe 1945
Matèries:
Etiquetes: Afegir etiqueta
Sense etiquetes, Sigues el primer a etiquetar aquest registre!

MARC

LEADER 00000nam a2200000 a 4500
001 UCQ5145
003 CL-VaPUC
008 980925e19450000AG |||||||||||||||||spa|d
082 0 4 |a 853  |b CAS  |2 21 
100 0 |a Castiglione, Baltasar  |e author  |9 419319 
245 1 3 |a El cortesano 
300 |a 253 p 
942 |c BK 
945 |d 19980925 00:00:00  |a crobeson 
260 |a Buenos Aires  |b Espasa-Calpe  |c 1945 
650 0 |a Novela italiana  |9 265740 
650 0 |a Literatura italiana  |9 266970 
583 |a last modification  |c 20160602 17:23:47  |k Rodrigo Vera 
999 |c 275362  |d 275360 
952 |0 0  |1 0  |4 0  |6 853_000000000000000_CAS_1945  |7 0  |8 A  |9 312094  |a BIBEDU  |b BIBEDU  |d 2019-11-20  |i 146843K  |o 853 CAS 1945  |p 146843K  |r 2019-11-20  |w 2019-11-20  |y BK  |k LIT